|
|
|
|
| LEADER |
01300nam a22003017a 4500 |
| 001 |
33949 |
| 003 |
BD-DhAAL |
| 005 |
20181113130118.0 |
| 008 |
181113t2018 bg a|||| b||| 00| 0dben d |
| 999 |
|
|
|c 40218
|d 40218
|
| 020 |
|
|
|a 9789849293064
|
| 040 |
|
|
|a BD-DhAAL
|
| 041 |
|
|
|a ben
|a eng
|
| 082 |
|
|
|2 22
|a 954.9205092
|
| 100 |
|
|
|a আহমদ, মমতাজউদদীন
|9 28855
|
| 245 |
|
|
|a রক্ত যখন দিয়েছি /
|c মমতাজউদদীন আহমদ
|
| 260 |
|
|
|a ঢাকা :
|b বিশ্বসাহিত্য ভবন,
|c ২০১৮
|
| 300 |
|
|
|a ৩০৩ পৃষ্ঠা :
|b চিত্র ;
|c ২১ সে.মি.
|
| 504 |
|
|
|a গ্রন্থপঞ্জিগত নির্দেশিকা অন্তভূক্ত
|
| 526 |
|
|
|a AAL
|
| 541 |
|
|
|a Boibazar.com
|e 3333949
|
| 546 |
|
|
|a In Bengali.
|
| 600 |
|
|
|a Mujibur Rahman,
|c Sheikh,
|d 1920-1975
|9 28856
|
| 650 |
|
|
|a Ex-presidents
|z Bangladesh
|v Biography.
|9 28862
|
| 651 |
|
|
|a Bangladesh
|x Politics and government.
|9 28859
|
| 852 |
|
|
|a Ayesha Abed Library
|c Bangabandhu Corner
|
| 942 |
|
|
|2 ddc
|c BK
|
| 952 |
|
|
|0 0
|1 0
|2 ddc
|4 0
|6 954_920509200000000_AHM
|7 0
|9 64600
|a BRACUL
|b BRACUL
|c BNC
|d 2018-11-01
|e Boibazar.com
|g 391.00
|l 0
|o 954.9205092 AHM
|p 3010033949
|r 2018-11-01
|t 1
|v 391.00
|w 2018-11-01
|y BK
|